Barnsley's convenyancing law and practice

Bibliographic Details
Main Authors: Barnsley, D. G. (Author), Smith, P. W. (Author)
Format: Book
Language:English
Published: London : Butterworth 1982
Edition:Second edition
Subjects:

MARC

LEADER 00000cam a2200000 7i4500
001 0000002368
005 20240925.0
008 991129 enk eng
020 |a 0406556326 (hbk) 
040 |a INS   |b eng   |e rda 
090 0 0 |a RKD168   |b .B37 1982 
100 1 |a Barnsley, D. G. ,   |e author 
245 1 0 |a Barnsley's convenyancing law and practice   |c D. G. Barnsley and P.W. Smith 
250 |a Second edition 
264 1 |a London :   |b Butterworth   |c 1982 
264 4 |c ©1982 
300 |a ixi, 715 pages ;   |c 25 cm. 
336 |a text  |2 rdacontent 
337 |a unmediated  |2 rdamedia 
338 |a volume  |2 rdacarrier 
500 |a Includes index 
650 0 |a Civil law   |z Great Britain 
650 0 |a Convenyancing law   |z Great Britain   |x Forms 
700 1 |a Smith, P. W. ,   |e author 
999 |a 0000000719   |b BOOK   |c Open Shelf   |e Default branch